000 02969nam0a2200505 4500
001 RU\NLR\bibl\1867794
005 20250616185059.0
010 _a978-5-91789-083-8
_9200
021 _aRU
_b2012-2386
_9176
035 _a(nilc)LIBNET\0000206812
035 _a2VIL\RUSMED\0000202679
035 _a(NLR Aleph) 001857656
090 _a2488006
_c2488006
100 _a20120125d2011 |||y0rusy50 ca
101 0 _arus
102 _aRU
105 _aa |||||||||
200 1 _aТехнологии восстановительной медицины в профилактике инфертильности у женщин раннего репродуктивного возраста
_eучебное пособие для студентов медицинских вузов и слушателей курсов последипломного образования по специальности 14.00.51 - восстановительная медицина, лечебная физкультура и спортивная медицина, курортология и физиотерапия
_fА.М. Чулкова
210 _aСочи
_cНаучно-исследовательский центр курортологии и реабилитации МЗ и СР РФ
_cтипография ИП Кривлякин С.П.
_d2011
215 _a128 с.
_cил.
_d21
225 1 _aБиблиотечная серия: "Теория и практика восстановительной медицины"
320 _aБиблиогр.: с. 113-127 (245 назв.)
606 1 _aБЕСПЛОДИЕ ЖЕНСКОЕ
_xпрофилактика и контроль
_jучебные пособия
_2rus_mesh
_3R7387-19.1
606 1 _aINFERTILITY, FEMALE
_xprevention and control
_2rus_mesh
_3E7387-19.1
606 1 _aФИЗИОТЕРАПИИ МЕТОДЫ
_jучебные пособия
_2rus_mesh
_3R46355
606 1 _aPHYSICAL THERAPY MODALITIES
_2rus_mesh
_3E46355
606 1 _aГинекологические болезни
_jУчебные издания
_xТерапия
_9996988
_3RU\NLR\auth\6659689
606 1 _aРепродуктивная система женщин
_jУчебные издания
_xПатология
_xПрофилактика
_92093167
_3RU\NLR\auth\661570260
686 _a76.29.48
_2rugasnti
686 _a76.29.60
_2rugasnti
686 _aC13.351.500.365.700 - профилактика и контроль
_v2011
_2MESH
686 _aC13.351.500.365.700 - prevention and control
_v2011
_2MESH
686 _aE02.779
_v2011
_2MESH
686 _aР715-5я7
686 _aР712.5я7
700 1 _aЧулкова
_bА. М.
_gАнтонина Петровна
_4070
801 0 _aRU
_bЦНМБ
_c20120125
_gPSBO
801 1 _aRU
_bЦНМБ
_c20120125
801 2 _aRU
_bЦНМБ
_c20120203
801 2 _aRU
_bNLR
_c20120210
_grcr
830 _aавт. по Москве
942 _cBOOK
980 _aNB
980 _aNBR